000 00428nam a22001697a 4500
005 20180321103646.0
008 160523b xxu||||| |||| 00| 0 eng d
020 _a81-203-2336-X
041 _aeng
082 _b4166
_a338.5
100 _aPundyck / Robert S Rubinheld / Daniel L
_91030
245 _aMicro Economics
260 _aNew Delhi
_bAcademic Faundation
300 _a685
650 _aManagement
_9241
942 _cBK
999 _c1402
_d1402